| 000 | 01083nam a2200265 a 4500 | ||
|---|---|---|---|
| 001 | 25457 | ||
| 003 | CO-ViMGA | ||
| 005 | 20230915232059.0 | ||
| 008 | 141112s2004 ck r 000 u spa d | ||
| 015 | _ack - 2001 - xxxx | ||
| 020 | _a8427711328 | ||
| 035 | _aAHE5497 LA | ||
| 040 |
_aCO-ViMGA _bspa _cCO-ViMGA |
||
| 041 | _aspa | ||
| 082 | 0 | 4 | _a372.372 L66e |
| 100 | 1 |
_aLópez García, María Luisa. _938843 |
|
| 245 | 1 | 0 |
_aEducación afectivo - sexual : _bPlanteamiento integrado e interdisciplinar y veinte unidades Didácticas / _cMaría Luisa López García. |
| 260 |
_aMadrid : _bNarcea ediciones, _c1995 |
||
| 300 | _a4 carpetas | ||
| 505 | _a1. Orientaciones básicas para el profesorado \ 2. La importancia de ser personas sexuadas \ 3. La conducta socio - sexual \ 4. El amor es la exigencia cristiana | ||
| 650 | 1 | 4 | _aEducación sexual. |
| 942 |
_2ddc _cBK |
||
| 949 | _ac n | ||
| 999 |
_c33044 _d33044 |
||